| 000 | 00619cam a22002294a 4500 | ||
|---|---|---|---|
| 003 | UPN | ||
| 005 | 20250408063809.0 | ||
| 008 | 100422s2003 es r 000 1 spa d | ||
| 020 | _a8489804699 | ||
| 035 | _aUPN01000175476 | ||
| 040 |
_aUPN _bspa _cUPN |
||
| 049 | _aCG | ||
| 050 | 4 |
_aPQ6664 A9.2 _bP8.6 |
|
| 100 | 1 |
_aNavarro, José Luis, _d1939- |
|
| 245 | 1 | 3 |
_aUn punto más que el diablo / _cJosé Luis Navarro. |
| 260 |
_aSalamanca, Esp. : _bLóguez, _c2003. |
||
| 300 | _a168 p. | ||
| 490 | 0 | _aLa joven colección | |
| 650 | 4 |
_aLiteratura española _ySiglo XX _95886 |
|
| 905 | _aLibro | ||
| 942 |
_2lcc _cLIBRO |
||
| 999 |
_c147580 _d147580 |
||